Vorlesungen über die Astronomie vom Herrn Prof: Seÿffer

Prednášky prof. Seyffera z astronómie, pravdepodobne na univerzite v Göttingene, zapísané nezisteným poslucháčom

Bibliographic Details
Main Author: Seyffer, Karl Felix von, 1762-1822 (Author)
Format: Manuscript Book
Language:German
PhysicalDescription:1 nečíslovaná strana, 369 strán rukopis, viazaný, nákresy 27 cm
Published: [Göttingen?] [1804?]
Subjects:

MARC

LEADER 00000ntmaa2200000 a 4500
001 vtls011986275
003 SK-MaSNL
005 20260301053700.0
008 251021s1804 gw a || 000 s ger
035 |a urn:nbn:sk:snk-tm00fij9 
035 |a urn:nbn:sk:snk-tm3n49e 
035 |a F7007942-D98D-4862-9989-FE49AAAD0CB2 
040 |a SNKLA  |b slo  |c SNKLA  |e AACR2 
041 0 |a ger 
044 |a gw  |c DE 
072 7 |a 52  |x Astronómia. Geodézia  |2 konspekt 
080 |a 025.171  |2 2011 
080 |a (042.3)  |2 2011 
080 |a 378.4  |2 2011 
100 1 |a Seyffer, Karl Felix von,  |d 1762-1822  |4 aut  |9 364536 
245 1 0 |a Vorlesungen über die Astronomie vom Herrn Prof: Seÿffer 
246 3 8 |a Seyffers Astronomie 
260 |a [Göttingen?]  |c [1804?] 
300 |a 1 nečíslovaná strana, 369 strán  |b rukopis, viazaný, nákresy  |c 27 cm 
500 |a Na chrbte knihy hore štítok s titulom zlatotlačou, pod ním oranžový štítok s číslom 112 čiernym atramentom 
500 |a Chybné číslovanie strán 
520 2 |a Prednášky prof. Seyffera z astronómie, pravdepodobne na univerzite v Göttingene, zapísané nezisteným poslucháčom 
555 0 |a Inventár rukopisov Literárneho archívu Matice slovenskej XII. Fondy 61 - 70. Martin : Matica slovenská 1983 
610 2 7 |a Učená spoločnosť malohontská  |2 SNKKA  |9 205374 
610 2 7 |a Verejná knižnica malohontského seniorátu (Rimavská Sobota, Slovensko)  |2 SNKKA  |9 302470 
650 0 7 |a astronómia  |2 SNKPH  |9 730 
650 0 7 |a univerzity  |2 SNKPH  |9 22152 
655 7 |a rukopisy  |2 SNKPH  |9 70548 
655 7 |a prednášky  |2 SNKPH  |9 70554 
852 |a Slovenská národná knižnica  |b Literárny archív 
958 |a OF 
958 |a LAVD 
999 |c 608979  |d 610909 
952 |a SNKLA  |b SNKLA  |c SNKLA_DEP  |y NEVYP  |7 0  |p 17A1229640  |o snk63 X 1  |0 0  |1 0  |4 0  |d 2020-08-10  |f 1  |l 0  |r 2026-02-23 16:18:08  |w 2026-02-23